The Building Detective (Record no. 122171)
[ view plain ]
| 000 -LEADER | |
|---|---|
| fixed length control field | 01267nam a22002057i 4500 |
| 001 - CONTROL NUMBER | |
| control field | 9781763895218 |
| 008 - FIXED-LENGTH DATA ELEMENTS--GENERAL INFORMATION | |
| fixed length control field | 250618t ||||||||||||||||||||0|||||d |
| 020 ## - INTERNATIONAL STANDARD BOOK NUMBER | |
| International Standard Book Number | 9781763895218 |
| 040 ## - CATALOGING SOURCE | |
| Original cataloging agency | UKHiBB |
| Language of cataloging | eng |
| Description conventions | rda |
| 100 1# - MAIN ENTRY--PERSONAL NAME | |
| Personal name | Macdonald, Craig J L |
| 245 14 - TITLE STATEMENT | |
| Title | The Building Detective |
| 264 ## - PRODUCTION, PUBLICATION, DISTRIBUTION, MANUFACTURE, AND COPYRIGHT NOTICE | |
| Name of producer, publisher, distributor, manufacturer | Craig Jl MacDonald |
| Date of production, publication, distribution, manufacture, or copyright notice | 250401 |
| 300 ## - PHYSICAL DESCRIPTION | |
| Extent | 254 pages |
| 336 ## - CONTENT TYPE | |
| Content type term | text |
| Source | rdacontent |
| 337 ## - MEDIA TYPE | |
| Media type term | unmediated |
| Source | rdamedia |
| 338 ## - CARRIER TYPE | |
| Carrier type term | volume |
| Source | rdacarrier |
| 520 ## - SUMMARY, ETC. | |
| Summary, etc. | The Building Detective uncovers the secrets from the hidden world of buildings. Dive below the surface to unearth captivating case studies and personal experiences that reveal how buildings reflect ingenuity, expose failures, and shape the lives of those who live and work within them.<br/><br/>Inside these pages, take a journey around the world to explore:<br/><br/>The power of ODEC, your new universal tool for solving problems<br/>The cracking mysteries behind Opal Tower and Mascot Towers<br/>The collapses of Champlain Tower South and Hard Rock Hotel<br/>The Grenfell Tower fire and the lessons it continues to teach<br/>A secret hidden within Notre-Dame for over 800 years<br/>The insidiousness of water infiltrating your home<br/>How AI might impact the property world |
| 650 ## - SUBJECT ADDED ENTRY--TOPICAL TERM | |
| Topical term or geographic name entry element | BUILT ENVIRONMENT |
| 942 ## - ADDED ENTRY ELEMENTS (KOHA) | |
| Source of classification or shelving scheme | Dewey Decimal Classification |
| Withdrawn status | Lost status | Source of classification or shelving scheme | Damaged status | Not for loan | Home library | Current library | Shelving location | Date acquired | Total Checkouts | Full call number | Date last seen | Price effective from | Koha item type |
|---|---|---|---|---|---|---|---|---|---|---|---|---|---|
| Dewey Decimal Classification | London | London | Books | 18/06/2025 | 690.2 MAC | 18/06/2025 | 18/06/2025 | Book |